| 000 | 00633cam a22002055a 4500 | ||
|---|---|---|---|
| 001 | L158680 | ||
| 008 | 150616s2014 xxk f 000 0 eng d | ||
| 020 | _a9780955099571 | ||
| 035 | _a(Sirsi) u158680 | ||
| 041 | 0 | _aeng | |
| 050 | 0 | 4 | _a692.2/FRA |
| 100 | 1 | _aFrame, Alex | |
| 245 | 0 | 0 |
_aParty Wall etc. Act 1996 _bAn Easy Guide |
| 260 |
_aRye _bFaculty of Party Wall Surveyors _c2014 |
||
| 300 | _a45p, 22cm | ||
| 520 | _aBooklet is written to give a straightforward guide to the Party Wall etc. Act 1996 using simple and non-technical language. | ||
| 651 | 4 | _aENGLAND AND WALES | |
| 690 |
_aParty walls _96258 |
||
| 942 | _n0 | ||
| 999 |
_c115449 _d115449 |
||